01227nam a22003134c 4500003000900000008004100009020001800050040002500068041001800093080001100111100002200122245002500144264003100169300004100200336002700241337003300268338002800301490004200329500003500371520014500406521001300551650003700564650001500601700003800616942001400654999001300668952011600681952011600797AR-BaSMT240627t2019 enka|||ar|||| 000 1 ing d a9781474964036 aBSGBbespañolerda0 ainghInglés a82-34 1 aCowan, Laura948314aThe Sun and the Wind aLondres : bUsborne,c2019 a24 páginas ; bilustraciones color 2rdacontentatextobtxt 2rdamediaasin mediaciónbn 2rdacarrieravolumenbnc aUsborne English Readers Starter Level aWith activities and free audio aThe Wind lives in the sky with his friend, the Sun. The Wind isn't happy, and the Sun wants to help. Can the Wind learn something important? aPrimaria 798aLITERATURA INFANTILvInglés 7923aCUENTO1 aKnight, Jessica9484eIlustradora 2ddcaBOOK c647d647 00102ddc40aBSGBbBSGBcInglés - AzuleCompra feria del libro 2026i000961l0o82-34 COWp000961t1yBOOKf 00102ddc40aBSGBbBSGBcInglés - AzuleCompra feria del libro 2026i000944l0o82-34 COWp000944t2yBOOKf